[Event "Junior Online 4NCL Division 5"]
[Site "online"]
[Date "2020.04.23"]
[Round "2.218"]
[White "Squirrell, Baxter"]
[Black "Patel, Diah Dipal"]
[Result "0-1"]
[WhiteElo "589"]
[BlackElo "707"]
[PlyCount "60"]
[EventDate "2020.04.23"]
[WhiteTeam "TSK Tigers C"]
[BlackTeam "Hallfield School C"]

1. e4 e5 2. Nf3 Nc6 3. Bc4 Nf6 4. Ng5 d5 5. exd5 Nd4 6. d6 Rg8 7. Nxf7 Qd7 8.
Nxe5 Qxd6 9. O-O Rh8 10. Nf7 h5 11. Nxd6+ Bxd6 12. Qxh5+ Nxh5 13. c3 Nf5 14. d3
Nf6 15. Na3 Bxh2+ 16. Kh1 Bd7 17. Bg5 Ng4 18. Rae1+ Kf8 19. Nb5 Bc6 20. Nxc7
Rc8 21. Ne6+ Kg8 22. f3 Nge3 23. Rxe3 Nxe3 24. Re1 Nc2 25. Re4 Bxe4 26. dxe4
Rxc4 27. e5 Ra4 28. Nd8 Rxa2 29. b3 Ra1+ 30. Bc1 Rxc1# 0-1

[Event "Junior Online 4NCL Division 5"]
[Site "online"]
[Date "2020.04.23"]
[Round "2.221"]
[White "Miles, Jacob"]
[Black "Bhargava, Aarav"]
[Result "0-1"]
[WhiteElo "1022"]
[BlackElo "820"]
[PlyCount "44"]
[EventDate "2020.04.23"]
[WhiteTeam "Leicestershire Juniors 4"]
[BlackTeam "Uxbridge Juniors C"]

1. e4 e5 2. Qh5 Nf6 3. Qxe5+ Be7 4. Bc4 O-O 5. Be2 d6 6. Qg5 Nxe4 7. Qd5 Nf6 8.
Qf3 Bg4 9. Qf4 Bxe2 10. Nxe2 Nd5 11. Qd4 Nb6 12. Nf4 Bf6 13. Qe3 Be5 14. Nh5
Qh4 15. Qf3 Bd4 16. Ng3 Re8+ 17. Kf1 Qe7 18. Ne2 Nc6 19. d3 Ne5 20. Qh5 g6 21.
Qh6 Qf6 22. Qg5 Qxf2# 0-1

[Event "Junior Online 4NCL Division 5"]
[Site "online"]
[Date "2020.04.23"]
[Round "2.223"]
[White "Fowkes, Holly"]
[Black "Machutadze, Nicolas"]
[Result "0-1"]
[WhiteElo "1000"]
[BlackElo "737"]
[PlyCount "54"]
[EventDate "2020.04.23"]
[WhiteTeam "Leicestershire Juniors 4"]
[BlackTeam "Uxbridge Juniors C"]

1. e4 e5 2. Nf3 Nc6 3. d3 Bc5 4. Bg5 f6 5. Bh4 g5 6. Bg3 Nge7 7. h4 d6 8. hxg5
fxg5 9. Nxg5 Ng6 10. d4 exd4 11. Qe2 Qxg5 12. e5 Bb4+ 13. Kd1 Ncxe5 14. Bxe5
dxe5 15. c3 dxc3 16. bxc3 Ba3 17. Nxa3 Nf4 18. Qe3 Bg4+ 19. Kd2 Qf5 20. g3 Nd5
21. Qc5 Rd8 22. Qb5+ c6 23. Qc4 Nb6+ 24. Ke1 Nxc4 25. Nxc4 Qd7 26. Rh4 b5 27.
Nxe5 Qd2# 0-1

[Event "Junior Online 4NCL Division 5"]
[Site "online"]
[Date "2020.04.23"]
[Round "2.224"]
[White "Sundararaju, Ritvik"]
[Black "Norton, Laurence"]
[Result "0-1"]
[WhiteElo "737"]
[BlackElo "887"]
[PlyCount "92"]
[EventDate "2020.04.23"]
[WhiteTeam "Uxbridge Juniors C"]
[BlackTeam "Leicestershire Juniors 4"]

1. d4 d5 2. Bf4 Nf6 3. e3 Nc6 4. Na3 e6 5. Nf3 Bb4+ 6. Ke2 O-O 7. Nb5 Bd7 8.
Nc3 Bxc3 9. bxc3 Na5 10. Nh4 Bb5+ 11. Ke1 Qe7 12. Nf3 Qa3 13. Rc1 Bxf1 14. Kxf1
Qxc3 15. Ke2 Ne4 16. Kf1 Qc4+ 17. Kg1 Nc3 18. Qd2 Ne4 19. Qd1 Qxa2 20. Bxc7 Nc4
21. Ra1 Qb2 22. Rb1 Qa3 23. Ra1 Qe7 24. Bf4 Nc3 25. Qd3 Ne4 26. Qb3 Ned2 27.
Qc3 Nxf3+ 28. Kf1 Nh4 29. Re1 Qd7 30. Qb3 Nd2+ 31. Kg1 Nxb3 32. Re2 Nc1 33. Re1
Na2 34. Ra1 Qb5 35. Rf1 Nc3 36. Bd6 Rfc8 37. g3 Nf3+ 38. Kg2 Qe2 39. Bb4 Ne4
40. Rfg1 Qxf2+ 41. Kh3 Nxg1+ 42. Kg4 Qf3+ 43. Kh4 Qxh1 44. Bd2 Qxh2+ 45. Kg4
Qxg3+ 46. Kh5 Qg5# 0-1

[Event "Junior Online 4NCL Division 5"]
[Site "online"]
[Date "2020.04.23"]
[Round "2.225"]
[White "Bhargava, Aarav"]
[Black "Miles, Jacob"]
[Result "1/2-1/2"]
[WhiteElo "820"]
[BlackElo "1022"]
[PlyCount "115"]
[EventDate "2020.04.23"]
[WhiteTeam "Uxbridge Juniors C"]
[BlackTeam "Leicestershire Juniors 4"]

1. e4 d5 2. exd5 Nf6 3. Nc3 c6 4. dxc6 bxc6 5. Nf3 Qd6 6. Bd3 Qe6+ 7. Qe2 Qxe2+
8. Nxe2 e5 9. Nxe5 Bd6 10. Nxc6 Nxc6 11. Bb5 Bd7 12. Nc3 Nd4 13. Bxd7+ Nxd7 14.
O-O O-O 15. d3 Ne5 16. Bf4 Nef3+ 17. gxf3 Nxf3+ 18. Kg2 Bxf4 19. Kxf3 Rae8 20.
Kxf4 Re6 21. Kf5 Rf6+ 22. Ke5 Re8+ 23. Kd4 Rd6+ 24. Kc4 Rc8+ 25. Kb5 Rb6+ 26.
Ka5 Rc5+ 27. Ka4 a6 28. b4 Rcc6 29. Nd5 Rd6 30. Rfe1 Rd8 31. Nxb6 a5 32. bxa5
Rb8 33. Nd7 Rd8 34. Nb6 h6 35. a6 g5 36. a7 h5 37. a8=Q Rxa8+ 38. Nxa8 g4 39.
Re8+ Kg7 40. Re4 g3 41. hxg3 f5 42. Rh4 f4 43. gxf4 Kh6 44. Rah1 Kg6 45. Rg1+
Kh6 46. Rgh1 Kg6 47. Rxh5 Kf6 48. Rh6+ Kf5 49. R1h5+ Kg4 50. Rg5+ Kxf4 51. Rgh5
Kg4 52. Rh1 Kg5 53. Rh8 Kf4 54. Rf8+ Ke5 55. Rh5+ Kd4 56. Rd8+ Kc3 57. Rc8+ Kd4
58. Nb6 1/2-1/2

[Event "Junior Online 4NCL Division 5"]
[Site "online"]
[Date "2020.04.23"]
[Round "2.227"]
[White "Machutadze, Nicolas"]
[Black "Fowkes, Holly"]
[Result "0-1"]
[WhiteElo "737"]
[BlackElo "1000"]
[PlyCount "78"]
[EventDate "2020.04.23"]
[WhiteTeam "Uxbridge Juniors C"]
[BlackTeam "Leicestershire Juniors 4"]

1. e4 e5 2. Nf3 Nc6 3. Bc4 Bb4 4. O-O a6 5. d3 b5 6. Bg5 f6 7. Bh4 bxc4 8. dxc4
Bb7 9. c3 Ba5 10. g4 Nh6 11. g5 fxg5 12. Bxg5 Qc8 13. Nh4 Rf8 14. Nd2 d6 15.
Nf5 g6 16. Ng7+ Kf7 17. Nf3 Kxg7 18. Nh4 Qh3 19. Qd5 Qg4+ 20. Kh1 Qxg5 21. Nf3
Qg4 22. Ng5 Qxg5 23. f4 Qh4 24. fxe5 Rxf1+ 25. Rxf1 dxe5 26. Qd7+ Kg8 27. Qxc7
Qxe4+ 28. Kg1 Ra7 29. Rf8+ Kxf8 30. b4 Bxc7 31. b5 axb5 32. cxb5 Qe1+ 33. Kg2
Qe2+ 34. Kg3 Qxb5 35. h4 Rxa2 36. Kh3 Rc2 37. Kg3 Rxc3+ 38. Kg2 Qb2+ 39. Kf1
Rc1# 0-1

[Event "Junior Online 4NCL Division 5"]
[Site "online"]
[Date "2020.04.23"]
[Round "2.231"]
[White "Kanodia, Ramit"]
[Black "Bailey, Matthew"]
[Result "1-0"]
[WhiteElo "770"]
[BlackElo "1037"]
[PlyCount "51"]
[EventDate "2020.04.23"]
[WhiteTeam "Dundee"]
[BlackTeam "Surbiton Juniors C"]

1. e4 e6 2. Nf3 d5 3. Nc3 d4 4. Ne2 Nc6 5. Ng3 h6 6. Bb5 Bd7 7. d3 e5 8. Bd2
Nf6 9. Bxc6 Bxc6 10. Nxe5 g6 11. Nxc6 bxc6 12. c3 dxc3 13. Bxc3 Bg7 14. Qc2 O-O
15. e5 Nd5 16. d4 Nxc3 17. Qxc3 Rb8 18. O-O Re8 19. Rad1 f6 20. Qc4+ Kh7 21.
Rfe1 fxe5 22. dxe5 Bxe5 23. Rxd8 Rbxd8 24. Qf7+ Kh8 25. Qxg6 Rd6 26. Qxe8+ 1-0

[Event "Junior Online 4NCL Division 5"]
[Site "online"]
[Date "2020.04.23"]
[Round "2.232"]
[White "Beezadhur, Aryan"]
[Black "Shepherd, Fiontan"]
[Result "0-1"]
[WhiteElo "1037"]
[BlackElo "458"]
[PlyCount "36"]
[EventDate "2020.04.23"]
[WhiteTeam "Surbiton Juniors C"]
[BlackTeam "Dundee"]

1. Nc3 e5 2. e4 Nf6 3. Nf3 Nc6 4. Bc4 Bc5 5. O-O O-O 6. Ng5 d6 7. Nxf7 Rxf7 8.
Bxf7+ Kxf7 9. d3 Be6 10. Qe1 d5 11. Be3 d4 12. Bg5 dxc3 13. bxc3 h6 14. Bh4 Be7
15. Qe3 Ng4 16. Qg3 Bxh4 17. Qxh4 Qxh4 18. g3 Qxh2# 0-1

[Event "Junior Online 4NCL Division 5"]
[Site "online"]
[Date "2020.04.23"]
[Round "2.233"]
[White "Baron, Alexander"]
[Black "Allam, Sebastian"]
[Result "1-0"]
[WhiteElo "216"]
[BlackElo "925"]
[PlyCount "63"]
[EventDate "2020.04.23"]
[WhiteTeam "Dundee"]
[BlackTeam "Surbiton Juniors C"]

1. e4 e5 2. Nf3 Nf6 3. Nxe5 Nc6 4. Nxc6 dxc6 5. Nc3 Bc5 6. Bc4 Bg4 7. Be2 Bxe2
8. Qxe2 O-O 9. e5 Ne8 10. Na4 Bb4 11. c3 Ba5 12. b4 Bb6 13. Nxb6 cxb6 14. Ba3
c5 15. b5 a5 16. bxa6 bxa6 17. d4 cxd4 18. Bxf8 Kxf8 19. cxd4 b5 20. O-O a5 21.
a3 Qxd4 22. Qxb5 Qg4 23. Qc5+ Kg8 24. h3 Qg6 25. Rfd1 Qf5 26. Rd5 Rc8 27. Qxa5
Nc7 28. Rc5 Na6 29. Rxc8+ Qxc8 30. Rb1 Nc5 31. Rc1 Nd3 32. Rxc8# 1-0

[Event "Junior Online 4NCL Division 5"]
[Site "online"]
[Date "2020.04.23"]
[Round "2.234"]
[White "Rabie, Jamie"]
[Black "Liu, Haoqi"]
[Result "1-0"]
[WhiteElo "1000"]
[BlackElo "200"]
[PlyCount "71"]
[EventDate "2020.04.23"]
[WhiteTeam "Surbiton Juniors C"]
[BlackTeam "Dundee"]

1. e4 e5 2. Nf3 Nc6 3. Bc4 Bc5 4. O-O Nf6 5. Ng5 d6 6. Nxf7 Qe7 7. Nxh8 Bg4 8.
Be2 Be6 9. Nc3 O-O-O 10. d3 Rxh8 11. Bg5 h6 12. Bh4 g5 13. Bg3 Nh5 14. Bxh5 Qf8
15. Nd5 Bxd5 16. exd5 Nd4 17. Qg4+ Kb8 18. c3 Nc2 19. Rac1 Nd4 20. cxd4 exd4
21. Rfe1 a5 22. a3 Qd8 23. b4 axb4 24. axb4 Bxb4 25. Re2 Rf8 26. Ra1 b5 27. Rb1
Bc5 28. Rxb5+ Ka7 29. Ra5+ Kb6 30. Ra1 Bb4 31. Rb2 c5 32. dxc6 Kxc6 33. Rxb4
Kc5 34. Qxd4+ Kc6 35. Rc1+ Kd7 36. Qxd6# 1-0

[Event "Junior Online 4NCL Division 5"]
[Site "online"]
[Date "2020.04.23"]
[Round "2.235"]
[White "Bailey, Matthew"]
[Black "Kanodia, Ramit"]
[Result "0-1"]
[WhiteElo "1037"]
[BlackElo "770"]
[PlyCount "62"]
[EventDate "2020.04.23"]
[WhiteTeam "Surbiton Juniors C"]
[BlackTeam "Dundee"]

1. e4 e5 2. Nf3 Nc6 3. Bb5 a6 4. Bxc6 bxc6 5. Nxe5 Qg5 6. Nf3 Qxg2 7. Rg1 Qh3
8. Rg3 Qe6 9. Nc3 Bb4 10. Ng5 Qe7 11. f4 h6 12. Nh3 Qh4 13. Qg4 Qxg4 14. Rxg4
d5 15. exd5 Bxg4 16. Nf2 Bh5 17. dxc6 Bxc3 18. dxc3 Nf6 19. b3 O-O 20. Bb2
Rfe8+ 21. Kf1 Rad8 22. Re1 Rxe1+ 23. Kxe1 Rd6 24. Ba3 Rxc6 25. Bb2 g5 26. fxg5
hxg5 27. c4 Ng4 28. Nxg4 Bxg4 29. b4 Re6+ 30. Kd2 Re2+ 31. Kd3 Rxh2 0-1

[Event "Junior Online 4NCL Division 5"]
[Site "online"]
[Date "2020.04.23"]
[Round "2.236"]
[White "Shepherd, Fiontan"]
[Black "Beezadhur, Aryan"]
[Result "1-0"]
[WhiteElo "458"]
[BlackElo "1037"]
[PlyCount "81"]
[EventDate "2020.04.23"]
[WhiteTeam "Dundee"]
[BlackTeam "Surbiton Juniors C"]

1. e4 Nf6 2. Nc3 e5 3. Bb5 c5 4. Nf3 a6 5. Bc4 b5 6. Bd5 Ra7 7. O-O Nxd5 8.
Nxd5 d6 9. d3 f6 10. Be3 Be7 11. Rc1 O-O 12. Qd2 Be6 13. Nxe7+ Qxe7 14. b3 Nc6
15. c4 b4 16. h3 d5 17. cxd5 Nd4 18. dxe6 Nxf3+ 19. gxf3 Qxe6 20. Bxc5 Rc8 21.
Bxa7 a5 22. Rxc8+ Qxc8 23. Kh2 Qd7 24. Bb6 g5 25. Bxa5 f5 26. Bxb4 f4 27. a4 h6
28. a5 Qa7 29. Ra1 h5 30. Qc2 g4 31. Qc5 Qg7 32. Qf8+ Qxf8 33. Bxf8 Kxf8 34. a6
Ke8 35. a7 Kd8 36. a8=Q+ Kc7 37. Ra5 Kb6 38. Qa6+ Kc7 39. Rb5 Kd7 40. Rb7+ Kc8
41. Qa8# 1-0

[Event "Junior Online 4NCL Division 5"]
[Site "online"]
[Date "2020.04.23"]
[Round "2.237"]
[White "Allam, Sebastian"]
[Black "Baron, Alexander"]
[Result "0-1"]
[WhiteElo "925"]
[BlackElo "216"]
[PlyCount "76"]
[EventDate "2020.04.23"]
[WhiteTeam "Surbiton Juniors C"]
[BlackTeam "Dundee"]

1. e4 e5 2. Nf3 Nc6 3. Nc3 Nf6 4. d4 exd4 5. Nxd4 Bb4 6. Bc4 Bxc3+ 7. Bd2 Bxd2+
8. Qxd2 d6 9. Nb5 Nxe4 10. Qf4 Qe7 11. Nxc7+ Qxc7 12. Qxf7+ Qxf7 13. Bxf7+ Kxf7
14. O-O Re8 15. f3 Nd2 16. Rfd1 Nc4 17. b3 Ne3 18. Rxd6 Nxc2 19. Rc1 Ne3 20.
Kf2 Nf5 21. g4 Nxd6 22. f4 Bxg4 23. Rc2 Bf5 24. Rd2 Ne4+ 25. Kf3 Nxd2+ 26. Kf2
Ne4+ 27. Kf3 Nc3 28. a3 Rad8 29. Kg3 Ne4+ 30. Kh4 g5+ 31. Kh5 gxf4 32. a4 f3
33. b4 Rg8 34. b5 Rd6 35. bxc6 Rd2 36. h4 Ng3+ 37. Kh6 Rh2 38. cxb7 Rxh4# 0-1

[Event "Junior Online 4NCL Division 5"]
[Site "online"]
[Date "2020.04.23"]
[Round "2.238"]
[White "Liu, Haoqi"]
[Black "Rabie, Jamie"]
[Result "0-1"]
[WhiteElo "200"]
[BlackElo "1000"]
[PlyCount "136"]
[EventDate "2020.04.23"]
[WhiteTeam "Dundee"]
[BlackTeam "Surbiton Juniors C"]

1. e4 e5 2. Nf3 Nc6 3. Bc4 Nh6 4. O-O Be7 5. d3 Bc5 6. Bxh6 gxh6 7. Nc3 Qe7 8.
Nh4 Qxh4 9. Qf3 Nd4 10. Nd5 Bd6 11. Nxc7+ Bxc7 12. Qxf7+ Kd8 13. Rae1 Nxc2 14.
Re2 Nd4 15. Re3 Nc2 16. Rf3 Qe7 17. Qxe7+ Kxe7 18. Rf7+ Kd8 19. Rc1 Nd4 20. Re1
Nc2 21. Re2 Nd4 22. Re3 Ke8 23. Rg3 Ne2+ 24. Kf1 Nxg3+ 25. hxg3 Rf8 26. Rxf8+
Kxf8 27. g4 h5 28. gxh5 h6 29. g3 d6 30. f4 exf4 31. gxf4 Bg4 32. Bd5 Rb8 33.
d4 Bxh5 34. e5 dxe5 35. fxe5 b6 36. Bc6 Kf7 37. Bd5+ Ke7 38. e6 Rd8 39. Bc4
Rxd4 40. Bb3 Bg4 41. a4 h5 42. Kg2 h4 43. Ba2 h3+ 44. Kg1 Bf3 45. b3 h2+ 46.
Kf2 h1=Q 47. b4 Rxb4 48. Ke3 Rxa4 49. Bb3 Re4+ 50. Kd3 Qf1+ 51. Kc3 Qe1+ 52.
Kd3 Qe3+ 53. Kc2 Qd3+ 54. Kxd3 Re2 55. Kd4 Be5+ 56. Kd3 Re4 57. Kc2 Re3 58. Kd2
Rxb3 59. Kc2 Re3 60. Kd2 Bf4 61. Kc2 Be4+ 62. Kd2 Rh3+ 63. Ke2 Rh2+ 64. Ke1
Bg3+ 65. Kd1 Bf3+ 66. Kc1 Bf4+ 67. Kb1 Be4+ 68. Ka1 Be5# 0-1

[Event "Junior Online 4NCL Division 5"]
[Site "online"]
[Date "2020.04.23"]
[Round "2.241"]
[White "Patel, Aaron"]
[Black "Lewis, Iolo"]
[Result "1-0"]
[WhiteElo "1000"]
[BlackElo "694"]
[PlyCount "51"]
[EventDate "2020.04.23"]
[WhiteTeam "Harrow Juniors F"]
[BlackTeam "PSE Panthers"]

1. e4 e5 2. Nf3 Nc6 3. Bc4 Nf6 4. Ng5 Qe7 5. Nxf7 Rg8 6. Nc3 d5 7. exd5 Qxf7 8.
dxc6 Qxc4 9. cxb7 Bxb7 10. d3 Qe6 11. Bg5 Bb4 12. O-O Bxc3 13. bxc3 Ng4 14. Rb1
Bc6 15. f3 h6 16. Be3 Nxe3 17. Qe2 Nxf1 18. Rxf1 O-O-O 19. Rb1 Rde8 20. Qe3 Ba4
21. Qxa7 Bxc2 22. Rb8+ Kd7 23. Rb7 Ra8 24. Rxc7+ Kd6 25. Qb6+ Kd5 26. c4# 1-0

[Event "Junior Online 4NCL Division 5"]
[Site "online"]
[Date "2020.04.23"]
[Round "2.242"]
[White "Howell, Lewis"]
[Black "Pipalia, Ayush"]
[Result "0-1"]
[WhiteElo "653"]
[BlackElo "1022"]
[PlyCount "102"]
[EventDate "2020.04.23"]
[WhiteTeam "PSE Panthers"]
[BlackTeam "Harrow Juniors F"]

1. e4 e5 2. Nf3 Nc6 3. Nc3 Bc5 4. Bb5 Nf6 5. Bxc6 dxc6 6. O-O O-O 7. d3 Bg4 8.
Be3 Bxe3 9. fxe3 Bxf3 10. gxf3 Ne8 11. d4 Qg5+ 12. Kh1 Qxe3 13. dxe5 Qc5 14.
Na4 Qxe5 15. Nc3 Nf6 16. Qd2 Qd6 17. Qxd6 cxd6 18. f4 d5 19. e5 Ne4 20. Nxe4
dxe4 21. Rad1 Rad8 22. Rxd8 Rxd8 23. Re1 b6 24. Rxe4 Rd1+ 25. Kg2 Rd2+ 26. Kf3
Rxc2 27. Rb4 Rxh2 28. Ra4 a5 29. Ra3 Rxb2 30. Rd3 h6 31. Rd8+ Kh7 32. f5 Rxa2
33. Rf8 Ra3+ 34. Ke4 Ra4+ 35. Kd3 Rf4 36. e6 fxe6 37. fxe6 Rxf8 38. e7 Re8 39.
Kd4 Rxe7 40. Kc4 h5 41. Kb3 h4 42. Kc4 h3 43. Kd4 h2 44. Kc4 h1=Q 45. Kd4 Qd1+
46. Kc4 Re2 47. Kc3 Rc2+ 48. Kb3 Rc5+ 49. Ka3 Rb5 50. Ka2 Qb1+ 51. Ka3 Qb3# 0-1

[Event "Junior Online 4NCL Division 5"]
[Site "online"]
[Date "2020.04.23"]
[Round "2.243"]
[White "Patel, Shailen"]
[Black "Evans, Finley"]
[Result "1-0"]
[WhiteElo "1060"]
[BlackElo "617"]
[PlyCount "53"]
[EventDate "2020.04.23"]
[WhiteTeam "Harrow Juniors F"]
[BlackTeam "PSE Panthers"]

1. e4 Nf6 2. Nc3 c6 3. Nf3 d5 4. e5 d4 5. Ne4 Nxe4 6. Qe2 Nc5 7. Qc4 Ne6 8. Bd3
Na6 9. O-O f6 10. Bf5 Qd7 11. d3 fxe5 12. Bg5 h6 13. Bh4 Nac7 14. Bg6+ Kd8 15.
Bf5 Rg8 16. Rad1 g6 17. Bxe6 Nxe6 18. Rfe1 b5 19. Qb4 Nc7 20. Nxe5 Qd6 21. Qa5
Bg7 22. Nf7+ Kd7 23. Nxd6 Kxd6 24. Bg3+ Kd5 25. Qxc7 Re8 26. Re5+ Bxe5 27.
Qxe5# 1-0

[Event "Junior Online 4NCL Division 5"]
[Site "online"]
[Date "2020.04.23"]
[Round "2.244"]
[White "Yeadon, William"]
[Black "Horwood, Alexander"]
[Result "1-0"]
[WhiteElo "525"]
[BlackElo "1000"]
[PlyCount "47"]
[EventDate "2020.04.23"]
[WhiteTeam "PSE Panthers"]
[BlackTeam "Harrow Juniors F"]

1. e4 e5 2. Nf3 Nc6 3. d4 Nf6 4. dxe5 Nh5 5. Ng5 Nxe5 6. Bf4 c5 7. Bxe5 h6 8.
Qxh5 g6 9. Qf3 Rh7 10. Nxh7 Be7 11. Nf6+ Bxf6 12. Bxf6 Qc7 13. Nc3 Kf8 14. Nd5
Qd6 15. Be7+ Ke8 16. Bxd6 Kd8 17. Nc7 Rb8 18. Ne6+ Ke8 19. Bxb8 dxe6 20. Bb5+
Kf8 21. Bd6+ Kg8 22. Rd1 Kg7 23. Be5+ Kh7 24. Qxf7# 1-0

[Event "Junior Online 4NCL Division 5"]
[Site "online"]
[Date "2020.04.23"]
[Round "2.245"]
[White "Lewis, Iolo"]
[Black "Patel, Aaron"]
[Result "0-1"]
[WhiteElo "694"]
[BlackElo "1000"]
[PlyCount "72"]
[EventDate "2020.04.23"]
[WhiteTeam "PSE Panthers"]
[BlackTeam "Harrow Juniors F"]

1. e4 e5 2. Nf3 Nc6 3. Bc4 Bc5 4. Ng5 Qxg5 5. d4 exd4 6. Bxg5 f6 7. Bxg8 Rxg8
8. Bf4 g5 9. Bxc7 d6 10. Qh5+ Kd7 11. Qf7+ Ne7 12. Ba5 b6 13. Bd2 Ba6 14. e5
Raf8 15. Qxh7 Rh8 16. Qe4 f5 17. Qf3 g4 18. Qg3 dxe5 19. Qxe5 Bd6 20. Qe2 Bxe2
21. Kxe2 Be5 22. Bb4 d3+ 23. Kxd3 Bxb2 24. Re1 Re8 25. Nd2 Bxa1 26. Rxa1 a5 27.
Bxe7 Rxe7 28. Nc4 b5 29. Nb6+ Kc6 30. Na8 Rxa8 31. Rc1 Rd8+ 32. Kc3 b4+ 33. Kb3
Re2 34. c4 Rd3+ 35. Rc3 Rxc3+ 36. Ka4 Ra3# 0-1

[Event "Junior Online 4NCL Division 5"]
[Site "online"]
[Date "2020.04.23"]
[Round "2.246"]
[White "Pipalia, Ayush"]
[Black "Howell, Lewis"]
[Result "1-0"]
[WhiteElo "1022"]
[BlackElo "653"]
[PlyCount "31"]
[EventDate "2020.04.23"]
[WhiteTeam "Harrow Juniors F"]
[BlackTeam "PSE Panthers"]

1. d4 Nf6 2. c4 d5 3. c5 Bf5 4. Nc3 Be6 5. Bf4 c6 6. Nf3 Na6 7. e3 Qd7 8. Bxa6
bxa6 9. O-O O-O-O 10. Bg3 Bg4 11. h3 Bxf3 12. Qxf3 Ne4 13. Nxe4 dxe4 14. Qxe4
Qe6 15. Qf4 Qf6 16. Qc7# 1-0

[Event "Junior Online 4NCL Division 5"]
[Site "online"]
[Date "2020.04.23"]
[Round "2.247"]
[White "Evans, Finley"]
[Black "Patel, Shailen"]
[Result "0-1"]
[WhiteElo "617"]
[BlackElo "1060"]
[PlyCount "52"]
[EventDate "2020.04.23"]
[WhiteTeam "PSE Panthers"]
[BlackTeam "Harrow Juniors F"]

1. e4 c5 2. Bc4 e6 3. Nf3 d6 4. Na3 Nc6 5. Nb1 Nf6 6. d3 Be7 7. Qe2 O-O 8. O-O
Bd7 9. Qd2 Qb6 10. Ng5 h6 11. Nf3 Rfe8 12. Qf4 Rad8 13. Qd2 a6 14. g3 d5 15.
exd5 exd5 16. Bb3 Nd4 17. Nxd4 cxd4 18. Qe2 Ba3 19. bxa3 Rxe2 20. Nd2 Ne4 21.
Nxe4 dxe4 22. Bd2 Rxd2 23. Rfe1 exd3 24. Rad1 Qc6 25. Rxd2 Bh3 26. Rxd3 Qg2#
0-1

[Event "Junior Online 4NCL Division 5"]
[Site "online"]
[Date "2020.04.23"]
[Round "2.248"]
[White "Horwood, Alexander"]
[Black "Yeadon, William"]
[Result "0-1"]
[WhiteElo "1000"]
[BlackElo "525"]
[PlyCount "64"]
[EventDate "2020.04.23"]
[WhiteTeam "Harrow Juniors F"]
[BlackTeam "PSE Panthers"]

1. e4 e5 2. Nf3 Nf6 3. Nc3 Bb4 4. h3 Bxc3 5. bxc3 Nxe4 6. Be2 Nc6 7. O-O O-O 8.
d3 Nf6 9. Qd2 e4 10. dxe4 Nxe4 11. Ba3 Nxd2 12. Bxf8 Nxf1 13. Kxf1 Qxf8 14. c4
Nb4 15. c3 Nc2 16. Rc1 Na3 17. Bd3 d6 18. Rb1 Nxb1 19. Ke1 Nxc3 20. Kd2 Nxa2
21. Kc2 Nb4+ 22. Kb2 Nxd3+ 23. Kc3 Ne5 24. Kc2 Nxf3 25. gxf3 Bf5+ 26. Kd2 Qe8
27. Kc1 Qe1+ 28. Kb2 Re8 29. Ka2 Re2+ 30. Ka3 Qa1+ 31. Kb3 Qb2+ 32. Ka4 Qa2+
0-1

[Event "Junior Online 4NCL Division 5"]
[Site "online"]
[Date "2020.04.23"]
[Round "2.251"]
[White "Blythe, Harry"]
[Black "Hoccom, Sebastian"]
[Result "0-1"]
[WhiteElo "433"]
[BlackElo "900"]
[PlyCount "66"]
[EventDate "2020.04.23"]
[WhiteTeam "PSE Jaguars"]
[BlackTeam "TSK Tigers B"]

1. Nf3 Nc6 2. Nc3 Nf6 3. d4 d5 4. e4 dxe4 5. d5 exf3 6. dxc6 Qxd1+ 7. Kxd1 fxg2
8. Bxg2 Rb8 9. cxb7 Bxb7 10. Bxb7 Rxb7 11. Na4 e5 12. Nc5 Bxc5 13. Be3 Bxe3 14.
fxe3 O-O 15. Kd2 Rd8+ 16. Ke2 h6 17. Rab1 Ne4 18. b4 Nc3+ 19. Kf2 Nxb1 20. Rxb1
a5 21. bxa5 Rxb1 22. a6 Ra1 23. a7 Rxa2 24. a8=Q Rxc2+ 25. Kf3 Rxa8 26. Kg4
Rxh2 27. Kf5 f6 28. e4 Rg2 29. Ke6 Ra6+ 30. Kd7 c5 31. Ke8 Rb2 32. Ke7 Rb7+ 33.
Ke8 Ra8# 0-1

[Event "Junior Online 4NCL Division 5"]
[Site "online"]
[Date "2020.04.23"]
[Round "2.252"]
[White "Lewis, Evan"]
[Black "Thomas, Poppy"]
[Result "1-0"]
[WhiteElo "916"]
[BlackElo "415"]
[PlyCount "77"]
[EventDate "2020.04.23"]
[WhiteTeam "TSK Tigers B"]
[BlackTeam "PSE Jaguars"]

1. e4 e5 2. Nf3 Bb4 3. Bb5 Nf6 4. O-O c6 5. Bc4 Nxe4 6. Nxe5 Qe7 7. d4 b5 8.
Bd3 Nf6 9. c3 Bd6 10. Re1 Ng8 11. Nxf7 Kxf7 12. Rxe7+ Kxe7 13. Qe2+ Kf8 14. Bg5
h6 15. Bh4 g5 16. Bg3 Bxg3 17. hxg3 h5 18. Qe5 d5 19. Qxh8 Be6 20. Qxh5 Nf6 21.
Qf3 Kg7 22. Nd2 Bg4 23. Qe3 Nbd7 24. Qe7+ Kh8 25. Qf7 Rg8 26. Qe7 c5 27. dxc5
Nxc5 28. Qxf6+ Rg7 29. Bf5 Bxf5 30. Qxf5 Nd7 31. Qxd5 Nf6 32. Qd8+ Ng8 33. f3
g4 34. Kf2 gxf3 35. Rh1+ Rh7 36. Rxh7+ Kxh7 37. Nxf3 Kh6 38. Qxg8 Kh5 39. Qg5#
1-0

[Event "Junior Online 4NCL Division 5"]
[Site "online"]
[Date "2020.04.23"]
[Round "2.253"]
[White "Mansouri, Lily"]
[Black "Elliott, Joseph"]
[Result "0-1"]
[WhiteElo "346"]
[BlackElo "970"]
[PlyCount "94"]
[EventDate "2020.04.23"]
[WhiteTeam "PSE Jaguars"]
[BlackTeam "TSK Tigers B"]

1. Nf3 d5 2. Nc3 Nf6 3. d4 Nc6 4. e4 dxe4 5. Nxe4 Bf5 6. Nxf6+ exf6 7. Be2 Nb4
8. Bd2 Nxc2+ 9. Kf1 Nxa1 10. Qxa1 Bd6 11. Qe1 O-O 12. Nh4 Bg6 13. Bb4 Bxb4 14.
Qxb4 b6 15. Qe1 Qxd4 16. Nf3 Qxb2 17. Nd4 Qxd4 18. a4 Bd3 19. Qd1 Bxe2+ 20.
Qxe2 Qa1+ 21. Qe1 Qxe1+ 22. Kxe1 Rfd8 23. h3 a6 24. h4 b5 25. Rh3 bxa4 26. Re3
Re8 27. Kf1 Rxe3 28. fxe3 Rb8 29. Kg1 Rb5 30. Kh2 a3 31. Kg1 a2 32. Kf1 a1=Q+
33. Kf2 Qb2+ 34. Kg3 g5 35. hxg5 fxg5 36. Kh3 Rb3 37. Kg4 Qxg2+ 38. Kf5 Qf2+
39. Ke5 Rxe3+ 40. Kd5 Qd2+ 41. Kc6 Rc3+ 42. Kb7 Qb2+ 43. Kc8 c5 44. Kd7 Qb6 45.
Kc8 Qa7 46. Kd8 Rb3 47. Ke8 Rb8# 0-1

[Event "Junior Online 4NCL Division 5"]
[Site "online"]
[Date "2020.04.23"]
[Round "2.254"]
[White "Choung, Ava Grace"]
[Black "Gabriel, Ruby"]
[Result "1-0"]
[WhiteElo "921"]
[BlackElo "350"]
[PlyCount "51"]
[EventDate "2020.04.23"]
[WhiteTeam "TSK Tigers B"]
[BlackTeam "PSE Jaguars"]

1. e4 e5 2. Nf3 d6 3. Nc3 f6 4. Bb5+ Kf7 5. O-O Be7 6. d3 Nh6 7. Bc4+ Ke8 8. d4
Kf8 9. dxe5 Nf5 10. exf5 Na6 11. exf6 Nb4 12. fxe7+ Kxe7 13. Bg5+ Kd7 14. Bxd8
b6 15. Bh4 Bb7 16. Be6+ Ke8 17. a3 Rg8 18. Bxg8 Kd7 19. axb4 Rxg8 20. Nb5 c6
21. Rxa7 cxb5 22. Rxb7+ Kc8 23. Rxb6 d5 24. Qxd5 Rd8 25. Qa8+ Kd7 26. Qxd8# 1-0

[Event "Junior Online 4NCL Division 5"]
[Site "online"]
[Date "2020.04.23"]
[Round "2.255"]
[White "Hoccom, Sebastian"]
[Black "Blythe, Harry"]
[Result "1-0"]
[WhiteElo "900"]
[BlackElo "433"]
[PlyCount "29"]
[EventDate "2020.04.23"]
[WhiteTeam "TSK Tigers B"]
[BlackTeam "PSE Jaguars"]

1. e4 Nf6 2. Nc3 Nc6 3. Nf3 d5 4. Bb5 dxe4 5. Ne5 a6 6. Nxc6 axb5 7. Nxd8 Kxd8
8. O-O Bg4 9. Ne2 Bxe2 10. Qxe2 e5 11. Qxb5 c6 12. Qxb7 Rxa2 13. Rxa2 Ba3 14.
Rxa3 Ke8 15. Ra8# 1-0

[Event "Junior Online 4NCL Division 5"]
[Site "online"]
[Date "2020.04.23"]
[Round "2"]
[White "Thomas, Poppy"]
[Black "Lewis, Evan"]
[Result "0-1"]
[WhiteElo "415"]
[BlackElo "916"]
[PlyCount "52"]
[EventDate "2020.04.23"]
[WhiteTeam "PSE Jaguars"]
[BlackTeam "TSK Tigers B"]

1. e4 e5 2. Qh5 Nf6 3. Qxe5+ Be7 4. Bb5 O-O 5. Nf3 Ng4 6. Qf4 d5 7. Qxg4 Bxg4
8. exd5 Bxf3 9. gxf3 Qxd5 10. O-O Qxb5 11. Re1 Bc5 12. d4 Bxd4 13. Bg5 Bxb2 14.
Bc1 Bxa1 15. Nc3 Bxc3 16. Re4 Re8 17. Rxe8+ Qxe8 18. h4 Qe1+ 19. Kg2 Qxc1 20.
f4 Qxf4 21. f3 Qxh4 22. f4 Bd4 23. c3 Qf2+ 24. Kh3 Be3 25. Kg4 Qxf4+ 26. Kh5
Qg5# 0-1